000 02023nam a2200577 i 4500
001 1710
003 KOSZ 005
005 20210803114506.0
008 991116s1981 pl a |000 0 pol
015 _aUWD 1982/2357
020 _a8301008296
035 _a991011974529705066
035 _a(PL-WaBN)b13247852-48omnis_nlop
035 _ab13247852
035 _a(OCoLC)749848957
035 _a(PL)b0000001324785
035 _a(EXLNZ-48OMNIS_NETWORK)9910306505705606
040 _aWA N
_cWA N
_dKOSZ 005/AR
_dKOSZ 005/HR
041 0 _apol
044 _apl
046 _k1981
080 _a712
080 _a(075.8)
100 1 _aBogdanowski, Janusz
_d(1929-2003)
_eAutor
245 1 0 _aArchitektura krajobrazu /
_c[autorzy Janusz Bogdanowski, Maria Łuczyńska-Bruzda, Zygmunt Novák ; zespół współpracujący Maria Bańska i inni].
250 _aWydanie 3.
260 _aWarszawa ;
_aKraków :
_bPaństwowe Wydawnictwo Naukowe,
_c1981.
300 _a246, [1] strona :
_bilustracje ;
_c24 cm.
336 _aTekst
_btxt
_2rdacontent
337 _aBez urządzenia pośredniczącego
_bn
_2rdamedia
338 _aWolumin
_bnc
_2rdacarrier
380 _aKsiążki
380 _aPublikacje dydaktyczne
380 _aPublikacje naukowe
385 _aSzkoły wyższe
_mPoziom nauczania
388 _a1901-2000
388 _a1945-1989
504 _aBibliografia na stronach 243-244.
650 7 _aTereny zielone
_2DBN
650 7 _aUrbanistyka
_2DBN
655 7 _aArchitektura krajobrazu
_2DBN
655 7 _aPodręczniki akademickie
658 _aArchitektura i budownictwo
700 1 _aBańska, Maria
_eAutor
700 1 _aŁuczyńska-Bruzda, Maria
_d(1933- )
_eAutor
700 1 _aNovák, Zygmunt
_d(1897-1972)
_eAutor
710 _4pbl
_aPaństwowe Wydawnictwo Naukowe
856 _uhttp://koha.tu.koszalin.pl/cgi-bin/koha/opac-detail.pl?biblionumber=1710
_yKatalog online BPK
942 _2UKD
_cKS
999 _c1710
_d1710